Statistiques concernant Culture Générale - Série 527

Cliquez ici pour prendre le quiz!

Statistiques générales

  • Ce quiz a été pris 195 fois
  • Le résultat moyen est 7 sur 10

Statistiques - réponses

QuestionRéponse% Correct
Quel nom donne-t-on aux habitants de la ville de Brest ?Brestois
96%
Dans quel art Gustave Courbet s'est-il principalement illustré ?peinture
95%
Dans quel art Claude Debussy s'est-il illustré ?musique
93%
Quel nom de pays était associé à celui de l'Autriche, pour désigner l'Empire ayant existé de 1867 à 1918 ?Hongrie
91%
De quels objets parle la chanson enfantine "Ainsi font, font, font" ?marionnettes
83%
Complétez ce titre de film sorti en 2008 et inspiré d'une série télévisée des années 1960 : "Max...La Menace
69%
Aux jeux Olympiques, quel adjectif qualifie la gymnastique que pratique une athlète utilisant un cerceau ?rythmique
56%
En géométrie, quelle droite est toujours perpendiculaire à un segment et passe par son milieu ?médiatrice
46%
Quelle actrice incarne la petite orpheline prénommée Paulette dans le film "Jeux interdits" ?Brigitte Fossey
42%
Quel nom donne-t-on à la femme représentée sur les pièces de 50 centimes d'euro françaises ?La Semeuse
27%

Distribution des résultats

Percentile par nombre de réponses

% des personnes avec chaque résultat

Votre développement - résultats

Vous n’avez pas pris ce quiz